| 000 | 00589nam a2200145 i 4500 | ||
|---|---|---|---|
| 001 | 190110 | ||
| 003 | ES-MaACL | ||
| 005 | 20230906223638.0 | ||
| 008 | 200729s1869 sp |||| | spa d | ||
| 110 | 2 |
_aCaja de Ahorros de Madrid. _92287 |
|
| 245 | 1 | 0 | _aExposición dirigida al Excmo. Señor Ministro de la Gobernación por acuerdo de la Junta Directiva de la Caja de Ahorros de Madrid a consecuencia del oficio de 3 de mayo de 1869. |
| 260 |
_aMadrid : _b[s.n.], _c1869 ( _fImp. del Colegio Nacional de Sordomudos y de Ciegos) |
||
| 300 |
_a15 p. ; _c21cm. |
||
| 852 | 4 |
_aES-MaACL _jT-91-F-2 |
|
| 999 |
_c190110 _d190110 |
||